De mi vida: desde la mesa del dibujante y otros escritos

保存先:
書誌詳細
第一著者: Kubin, Alfred (著者)
フォーマット: 図書
言語:スペイン語
出版事項: Madrid Machado Grupo de Distribución S. L 2016
版:1a. ed
シリーズ:La Balsa de la Medusa, 211
主題:
タグ: タグ追加
タグなし, このレコードへの初めてのタグを付けませんか!

MARC

LEADER 00000cam a2200000 a 4500
001 UCC1399
003 CL-VaPUC
008 171025e20160000sp |||||||||||||||||spa|d
020 |a 9788477743194 
082 0 4 |a 760.092  |b KUB  |2 21 
100 0 |a Kubin, Alfred  |e author  |9 595479 
245 1 0 |a De mi vida: desde la mesa del dibujante y otros escritos 
250 |a 1a. ed 
300 |a 278 p 
942 |c BK 
945 |d 20171025 21:08:00  |a dcastane 
260 |a Madrid  |b Machado Grupo de Distribución S. L  |c 2016 
650 0 |a Arte contemporáneo   |y Siglo 20   |9 550908 
650 0 |a Dibujos artísticos  |9 564831 
583 |a last modification  |c 20171025 21:08:00  |k Rodrigo Vera 
490 0 |a La Balsa de la Medusa, 211 
999 |c 369918  |d 369916 
952 |0 0  |1 0  |3 erb  |4 0  |6 760_092000000000000_KUB_2016  |7 0  |8 R  |9 486085  |a BIBART  |b BIBART  |i 5431867  |l 2  |m 1  |o 760.092 KUB 2016  |p 5431867  |r 2025-03-13  |s 2023-05-08  |w 2019-11-24  |y BK_R  |z Catalogado en:20171025  |k ART